Music Quiz

Random Music or Lyrics Quiz

Guess the Jonathan Coulton Song 2 Quiz Stats

Quiz not verified by Sporcle

Also try: Beatles Love Songs
Challenge
Share
Tweet
Embed
Score 0/223 Timer 10:00
0 Plays Today
% Correct
a
87.6%
a
87.6%
a
87.6%
a
87.6%
a
87.6%
the
83.5%
you
83.5%
you
83.5%
You
83.5%
the
83.5%
you
83.5%
the
83.5%
the
83.5%
he
78.4%
to
78.4%
He
78.4%
He
78.4%
He
78.4%
to
78.4%
he
78.4%
he
78.4%
an
73.2%
And
72.2%
And
72.2%
And
72.2%
it
72.2%
is
70.1%
is
70.1%
on
70.1%
is
70.1%
is
70.1%
is
70.1%
be
68%
be
68%
be
68%
be
68%
so
67%
in
67%
so
67%
no
67%
of
67%
this
67%
in
67%
so
67%
of
67%
If
64.9%
when
64.9%
all
62.9%
It's
62.9%
not
62.9%
not
62.9%
it's
62.9%
not
62.9%
not
62.9%
all
62.9%
that
61.9%
go
61.9%
that
61.9%
who
61.9%
that
61.9%
go
61.9%
who
61.9%
that
61.9%
love
60.8%
him
59.8%
too
59.8%
him
59.8%
too
59.8%
him
59.8%
him
59.8%
with
58.8%
At
58.8%
man
58.8%
at
58.8%
at
58.8%
% Correct
his
57.7%
But
57.7%
his
57.7%
his
57.7%
his
57.7%
But
57.7%
Just
55.7%
your
55.7%
only
55.7%
Tom
54.6%
[[CHORUS]]Tom
54.6%
Tom
54.6%
Tom
54.6%
Tom
54.6%
Tom
54.6%
Tom
54.6%
Tom
54.6%
Tom
54.6%
[[CHORUS]]
54.6%
Tom
54.6%
some
54.6%
Tom
54.6%
[[CHORUS]]
54.6%
tell
53.6%
know
53.6%
least
52.6%
for
51.5%
Cruise
50.5%
he's
50.5%
Cruise
50.5%
Cruise
50.5%
crazy
50.5%
had
50.5%
Cruise
50.5%
crazy
50.5%
earth
50.5%
Cruise
50.5%
Cruise
50.5%
Cruise
50.5%
Cruise
50.5%
Cruise
50.5%
he's
50.5%
Cruise
50.5%
There
50.5%
Why
50.5%
glad
49.5%
are
49.5%
Katie
48.5%
people
48.5%
while
48.5%
might
48.5%
big
48.5%
While
48.5%
You'd
47.4%
You'd
47.4%
you'd
47.4%
he'll
47.4%
he'll
47.4%
couldn't
46.4%
enjoy
46.4%
couldn't
46.4%
enjoy
46.4%
never
46.4%
have
46.4%
world
46.4%
world
46.4%
thing
45.4%
Cruise's
45.4%
expensive
45.4%
shoes
45.4%
Oh
45.4%
knows
45.4%
young
45.4%
knows
45.4%
old
45.4%
% Correct
son
45.4%
way
44.3%
troubles
44.3%
smile
44.3%
buy
44.3%
always
44.3%
men
44.3%
always
44.3%
very
43.3%
Good
43.3%
anymore
43.3%
flash
43.3%
'Cause
43.3%
anymore
43.3%
thinks
42.3%
he'd
42.3%
would
42.3%
gay
42.3%
looks
42.3%
younger
42.3%
play
42.3%
younger
42.3%
out
42.3%
looks
42.3%
she's
41.2%
much
41.2%
white
41.2%
shiny
41.2%
getting
41.2%
again
41.2%
sees
41.2%
someday
41.2%
someone
41.2%
plays
41.2%
lady
40.2%
cause
40.2%
retarded
40.2%
grandpa
40.2%
lifetime
40.2%
longing
40.2%
older
39.2%
over
39.2%
shoulder
39.2%
thousand
39.2%
won't
39.2%
alone?
39.2%
special
38.1%
distraction
38.1%
back
38.1%
sexy
38.1%
there's
38.1%
name
38.1%
choose
36.1%
leading
36.1%
millions
36.1%
loves
36.1%
somewhere
35.1%
place
35.1%
Somewhere
35.1%
secluded
35.1%
castle
35.1%
wall
35.1%
feels
35.1%
sits
34%
staring
34%
hassle
33%
Everybody
33%
outside
32%
such
32%
probably
30.9%
Sometimes
27.8%
Poor
26.8%
hopes
24.7%

You're not logged in!

Compare scores with friends on all Sporcle quizzes.
Join for Free
OR
Log In

You Might Also Like...

Show Comments

Extras

Top Quizzes Today


Score Distribution

Your Account Isn't Verified!

In order to create a playlist on Sporcle, you need to verify the email address you used during registration. Go to your Sporcle Settings to finish the process.

Report this User

Report this user for behavior that violates our Community Guidelines.

Details: